Poesie e prose /

সংরক্ষণ করুন:
গ্রন্থ-পঞ্জীর বিবরন
প্রধান লেখক: Verlaine, Paul (লেখক)
বিন্যাস: গ্রন্থ
ভাষা:ইতালিয়
প্রকাশিত: Milano : Mondadori, 2013
সংস্করন:V edizione
ট্যাগগুলো: ট্যাগ যুক্ত করুন
কোনো ট্যাগ নেই, প্রথমজন হিসাবে ট্যাগ করুন!

MARC

LEADER 00000nam a22000007i 4500
001 IT\ICCU\NAP\0870396
003 ItRI
005 20250421102538.0
008 201103s2013 it |||||| ||||| |||||c
020 |a 9788804321347 
040 |b ita  |c Arcigay Queer VdA 
041 7 |a ita  |2 ISO-639-2 
100 1 |a Verlaine, Paul  |0 IT\ICCU\CFIV\010732  |4 aut 
245 1 0 |a Poesie e prose /  |c Paul Verlaine ; a cura di Diana Grange Fiori ; prefazione di Luciano Erba ; introduzione di MIchel Décaudin. 
250 |a V edizione 
260 |a Milano :  |b Mondadori,  |c 2013 
300 |a XLII , 1459 p. ;  |c 8 cm 
500 |a I Meridiani 
942 |2 ddc  |c BK 
952 |0 0  |1 0  |2 ddc  |4 0  |6 841_000000000000000_VER_POE  |7 1  |9 3959  |a AO  |b AO  |d 2025-04-21  |l 0  |o 841 VER POE  |p 11169  |r 2025-04-21 10:26:20  |w 2025-04-21  |x Di proprietà di Giulio Gasperini  |y BK 
981 1 |6 z01  |a i   |b xxxe  
982 1 |6 z01  |a n 
999 |c 3080  |d 3080